Biblioteca
Vista normal Vista MARC
  • Duque Ramírez, María Margarita

Entrada Autor personal

Número de registros utilizados en: 1

001 - NUMERO DE CONTROL

  • Campo de control: 782

003 - IDENTIFICADOR DE NUMERO DE CONTROL

  • Campo de control: CO-MdFUSB

005 - HORA Y FECHA DE LA ULTIMA TRANSACCIÓN

  • Campo de control: 20170303162833.0

008 - CAMPO DE LONGITUD FIJA

  • Campo fijo de descripción fija: 170303|| aca||aabn | a|a d

040 ## - AGENCIA DE CATALOGACIÓN ORIGINAL

  • Lenguaje de catalogación: spa
  • Agencia que hace la transcripción: CO-MdFUSB

100 ## - AUTOR PERSONAL

  • Autor personal: Duque Ramírez, María Margarita

670 ## - FUENTE EN LA QUE SE LOCALIZARON DATOS

  • Fuente: Revelación, teología, vida cristiana, 2015
  • Fuente de información: t.p. (Margarita María Duque Ramírez)

Biblioteca FUSBC | Teléfono: (57+4) 349 88 10 Ext. 141| WhatsApp (+57) 3005338115 
E-mail: biblioteca@unisbc.edu.co | Calle 76 87-14 Robledo Palenque, Medellín, Colombia

Con tecnología Koha